000 00660nam a2200217 a 4500
999 _c445
_d445
001 445
003 BD-JhCC
005 20171015164014.0
008 171005b2012 bg ||||| |||| 00| 0 ben d
020 _a9789848765883
035 _a(BD-JhCC) 445
040 _aBD-JhCC
_dBD-JhCC
041 _aben
082 _a823.92
_bSHO 2012
100 _aয়োসা, মারিয়ো বার্গাস
245 _aপালোমিনো মোলেরোকে খুন করল কে ?/
_cমারিয়ো বার্গাস য়োসা
300 _a144 p. ;
_c22 cm
650 _aSerial Murders
942 _2ddc
_cBK